00446nam a22001457a 450000300070000000500170000700800410002402000230006504000090008808200190009724500970011625000120021326000470022530000280027233001020250715090949.0250715b sa ||||| |||| 00| 0 eng d a9780521132336qpbk c3228 a362.70973 CHIL aChildhood Programs And Practices In The First Decade Of Life :bA Human Capital Intergration a1st Ed. aCambridgebCambridge University Pressc201 axxiii, 518 pagesc22 c,